Novely zdravotných zákonov s komentárom

Novela zákona č. 576/2004 Z.z. o zdravotnej starostlivosti, službách súvisiacich s poskytovaním zdravotnej starostlivosti - zákon č. 350/2005 Z.z., novela zákona č. 577/2004 Z.z. o rozsahu zdravotnej starostlivosti uhrádzanej na základe verejného zdravotného poistenia - zákon č. 347/2005 Z.z. a nove...

Full description

Saved in:
Bibliographic Details
Format: Book Chapter
Language:Slovak
Subjects:
Tags: Add Tag
No Tags, Be the first to tag this record!

MARC

LEADER 00000naa$a2200000$$$4500
001 0034401
005 20230919095250.1
041 0 |a slo 
044 |a SK 
245 1 0 |a Novely zdravotných zákonov s komentárom 
520 |a Novela zákona č. 576/2004 Z.z. o zdravotnej starostlivosti, službách súvisiacich s poskytovaním zdravotnej starostlivosti - zákon č. 350/2005 Z.z., novela zákona č. 577/2004 Z.z. o rozsahu zdravotnej starostlivosti uhrádzanej na základe verejného zdravotného poistenia - zákon č. 347/2005 Z.z. a novela zákona č. 578/2004 Z.z. o poskytovateľoch zdravotnej starostlivosti, zdravotníckych pracovníkoch, stavovských organizáciách v zdravotníctve - zákon č. 351/2005 Z.z. s komentármi. 
610 2 0 |a zdravotníctvo 
610 2 0 |a starostlivosť zdravotná 
610 2 0 |a služby 
610 2 0 |a pracovníci 
610 2 0 |a poistenie zdravotné 
610 2 0 |a zákony 
610 2 0 |a novelizácia 
610 2 0 |a komentáre 
610 2 0 |a Slovensko 
610 2 0 |a 2005